[Event "World School-ch U15"]
[Site "Sochi"]
[Date "2016.12.04"]
[Round "2"]
[White "Moiseev, Danila"]
[Black "Myradow, Soltan"]
[Result "1-0"]
[WhiteElo "2130"]
[BlackElo "1938"]
[PlyCount "83"]
[EventDate "2016.12.03"]
[EventType "swiss"]
[EventRounds "9"]
[EventCountry "RUS"]
[SourceTitle "EXT 2018"]
[Source "ChessBase"]
[SourceDate "2017.10.13"]
[SourceVersion "1"]
[SourceVersionDate "2017.10.13"]
[SourceQuality "1"]

1. e4 e6 2. d4 d5 3. e5 c5 4. c3 Nc6 5. Nf3 Qb6 6. a3 a5 7. b3 cxd4 8. cxd4 Nge7 9. Bd3 Bd7 10. Be3 Na7 11. Nc3 Rc8 12. Bd2 Bb5 13. Nxb5 Nxb5 14. Bxb5+ Qxb5 15. b4 Nc6 16. bxa5 Nxa5 17. Rb1 Qa6 18. Qa4+ Nc6 19. Qb5 Bxa3 20. Qxb7 Qxb7 21. Rxb7 0-0 22. Ke2 f6 23. Ra1 Be7 24. Ra6 Bd8 25. Bb4 Rf7 26. Rxc6 Rxc6 27. Rb8 Rd7 28. Ba5 Rc2+ 29. Ke1 Kf7 30. Rxd8 Rxd8 31. Bxd8 Ra2 32. Bc7 Ke7 33. Bd6+ Kd7 34. Bf8 Kc6 35. Bxg7 fxe5 36. Bxe5 Kb5 37. g4 h6 38. Kf1 Kc4 39. Kg2 Kd3 40. g5 hxg5 41. Nxg5 Ra6 42. h4 1-0

[Event "Voronezh op-B 20th"]
[Site "Voronezh"]
[Date "2016.06.19"]
[Round "7"]
[White "Savoskin, Vladimir"]
[Black "Moiseev, Danila"]
[Result "0-1"]
[WhiteElo "1804"]
[BlackElo "2035"]
[PlyCount "66"]
[EventDate "2016.06.12"]
[EventType "swiss"]
[EventRounds "9"]
[EventCountry "RUS"]
[SourceTitle "EXT 2017"]
[Source "ChessBase"]
[SourceDate "2016.10.25"]
[SourceVersion "1"]
[SourceVersionDate "2016.10.25"]
[SourceQuality "1"]

1. b3 d5 2. Bb2 Bf5 3. e3 e6 4. Nf3 Nf6 5. Be2 Bd6 6. Ne5 Nbd7 7. d4 c5 8. 0-0 cxd4 9. exd4 Qc7 10. c4 Nxe5 11. dxe5 Bxe5 12. Bxe5 Qxe5 13. Nd2 0-0 14. Re1 Qd4 15. cxd5 Nxd5 16. Nc4 Qf6 17. Bf3 Rfd8 18. Qe2 Rac8 19. Ne5 Rc2 20. Qb5 Qh4 21. g3 Qd4 22. Qf1 Nc3 23. Nc4 Bh3 24. Bg2 Bxg2 25. Qxg2 Nd1 26. Rb1 Nxf2 27. Ne3 Rxa2 28. h3 Rd2 29. Qf1 Qe4 30. Ng2 Nxh3+ 31. Kh2 Qg4 32. Re5 Ng5 33. Kg1 Nf3+ 0-1

[Event "Voronezh op-B 20th"]
[Site "Voronezh"]
[Date "2016.06.12"]
[Round "1"]
[White "Mikhnenko, Alexander"]
[Black "Moiseev, Danila"]
[Result "1-0"]
[WhiteElo "1707"]
[BlackElo "2035"]
[PlyCount "87"]
[EventDate "2016.06.12"]
[EventType "swiss"]
[EventRounds "9"]
[EventCountry "RUS"]
[SourceTitle "EXT 2017"]
[Source "ChessBase"]
[SourceDate "2016.10.25"]
[SourceVersion "1"]
[SourceVersionDate "2016.10.25"]
[SourceQuality "1"]

1. d4 Nf6 2. c4 c5 3. d5 b5 4. cxb5 a6 5. bxa6 Bxa6 6. Nc3 g6 7. e4 Bxf1 8. Kxf1 d6 9. Nf3 Bg7 10. Qd3 0-0 11. g3 Na6 12. Kg2 Qb6 13. Rb1 Rab8 14. a3 Ng4 15. Bf4 Nc7 16. Rhc1 Nb5 17. Nxb5 Qxb5 18. Qxb5 Rxb5 19. b4 Rfb8 20. Bd2 cxb4 21. Rxb4 Rxb4 22. Bxb4 Ra8 23. Rc7 Bf6 24. h3 Nh6 25. g4 g5 26. Nd2 Kg7 27. Kf3 Ng8 28. Ke3 h5 29. Kd3 hxg4 30. hxg4 Kf8 31. Nc4 Ke8 32. Nb6 Rb8 33. Rc6 Be5 34. a4 Nf6 35. a5 Nd7 36. Kc4 Kd8 37. Bd2 Bf6 38. Kb5 Bd4 39. Be3 Bxe3 40. fxe3 Ne5 41. a6 Nxc6 42. Kxc6 Ke8 43. a7 Rd8 44. a8Q 1-0